Bienvenido a nuestro catálago, Biblioteca Universidad Monteávila

Vista normal Vista MARC

Entrada Encabezamiento personal

Número de registros utilizados en: 2

001 - NÚMERO DE CONTROL

  • campo de control: 13545

003 - IDENTIFICADOR DEL NÚMERO DE CONTROL

  • campo de control: vecauma

005 - FECHA Y HORA DE LA ÚLTIMA TRANSACCIÓN

  • campo de control: 20251013185023.0

008 - DATOS DE LONGITUD FIJA

  • campo de control de longitud fija: 251013|| aca||aabn | a|a d

040 ## - FUENTE DE LA CATALOGACIÓN

  • Centro catalogador/agencia de origen: vecauma

100 1# - ENCABEZAMIENTO-NOMBRE DE PERSONA

  • Nombre de persona: Martin, James,
  • Fechas asociadas al nombre: 1933-2013

370 ## - LUGAR ASOCIADO

  • Lugar de nacimiento: Ashby-de-la-Zouch, England
  • Lugar de fallecimiento: Bermuda Islands

372 ## - CAMPO DE ACTIVIDAD

  • Campo de actividad: Tecnología de la información

374 ## - OCUPACION

  • Ocupación: Informático
  • Ocupación: Futurólogo

375 ## - GENERO

  • Género: Masculino

377 ## - IDIOMA ASOCIADO

  • Código del idioma: eng

670 ## - FUENTE EN LA QUE SE LOCALIZARON DATOS

  • Cita de la fuente: Catálogo de Autoridades de la Biblioteca del Congreso (LCSH),
  • Información localizada: (James Martin)

Copyright @ UMA Library
Universidad Monteávila Caracas, Venezuela

Edif. Sede principal Universidad Monteávila. Av. El Buen Pastor. Boleíta Norte. Caracas. 
Customized by Universidad Monteávila

Con tecnología Koha